| 000 | 00786nam a2200241 i 4500 | ||
|---|---|---|---|
| 001 | bg | ||
| 100 | 1 |
_aJANIK, Robert _d(1963- ) |
|
| 245 | 1 | 0 |
_aSzanse realizacji "państwa opiekuńczego" w procesie integracji europejskiej / _cRobert Janik. |
| 260 |
_aCzęstochowa : _bWydaw. PC, _c2003. |
||
| 300 |
_a316 s. ; _c24 cm. |
||
| 490 | 1 |
_aMonografie / Politechnika Częstochowska, _x0860-5017 ; _vnr 91 |
|
| 500 | _aStreszcz. ang., niem. | ||
| 504 | _aBibliogr. | ||
| 650 | 9 |
_aPolityka społeczna _zkraje Unii Europejskiej |
|
| 830 | 0 |
_aMonografie (Politechnika Częstochowska) ; _vnr 91 |
|
| 020 | _a8371931921 | ||
| 040 | _cBPK | ||
| 041 | 0 |
_apol _bengger |
|
| 080 | _a304(4-67)"1989/..." | ||
| 920 | _a83-7193-192-1 | ||
| 942 | _cKS | ||
| 008 | s pl f |000 0 pol | ||
| 999 |
_c43962 _d43962 |
||
| 856 |
_uhttp://koha.tu.koszalin.pl/cgi-bin/koha/opac-detail.pl?biblionumber=43962 _yKatalog online BPK |
||